Faculty of Law Library — Cairo University

Official Online Catalog

Dissertations on The Law of Nature and of Nations. (Record no. 48106)

MARC details
000 -LEADER
fixed length control field 01577naa a2200385 i 4500
003 - CONTROL NUMBER IDENTIFIER
control field EG-GICUC
005 - DATE AND TIME OF LATEST TRANSACTION
control field 20260121101423.0
008 - FIXED-LENGTH DATA ELEMENTS--GENERAL INFORMATION
fixed length control field 251203s1916 us ||||fr|||| ||1 | eng d
040 ## - CATALOGING SOURCE
Original cataloging agency EG-GiCUC
Language of cataloging eng
Transcribing agency EG-GiCUC
Modifying agency EG-GiCUC
Description conventions rda
041 1# - LANGUAGE CODE
Language code of text/sound track or separate title eng
082 04 - DEWEY DECIMAL CLASSIFICATION NUMBER
Edition number 21
Classification number 341.762
Item number RA . D
092 04 - LOCALLY ASSIGNED DEWEY CALL NUMBER (OCLC)
Edition number 21
099 ## - LOCAL FREE-TEXT CALL NUMBER (OCLC)
Classification number Law1 11 341.762 RA . D 1916
100 1# - MAIN ENTRY--PERSONAL NAME
Personal name Rachel, Samuel,
Dates associated with a name 1628-1691,
Relator term Author.
245 10 - TITLE STATEMENT
Title Dissertations on The Law of Nature and of Nations.
Number of part/section of a work Volume Two,
Name of part/section of a work The Translation /
Statement of responsibility, etc. by Samuel Rachel ; The Translation by Pawley Bate John ; edited by Ludwig von Bar.
246 1# - VARYING FORM OF TITLE
Title proper/short title De jure naturae et gentium dissertationes
264 #1 - PRODUCTION, PUBLICATION, DISTRIBUTION, MANUFACTURE, AND COPYRIGHT NOTICE
Place of production, publication, distribution, manufacture Washington :
Name of producer, publisher, distributor, manufacturer The Carnegie Institution of Washington,
Date of production, publication, distribution, manufacture, or copyright notice 1916.
300 ## - PHYSICAL DESCRIPTION
Extent 233 pages ;
Dimensions 24 cm.
336 ## - CONTENT TYPE
Source rda content
Content type term text
337 ## - MEDIA TYPE
Source rda media
Media type term Computer
338 ## - CARRIER TYPE
Source rda carrier
Carrier type term Online Resource
490 0# - SERIES STATEMENT
Series statement The classics of international law.
500 ## - GENERAL NOTE
General note Includes index
500 ## - GENERAL NOTE
General note Translated from Latin
504 ## - BIBLIOGRAPHY, ETC. NOTE
Bibliography, etc. note Bibliographic references
505 ## - FORMATTED CONTENTS NOTE
Formatted contents note Vol. I. A Reproduction of the Edition of 1676, with Introduction by Ludwig von Bar, and List of Errata.<br/><br/>Vol. II. A Translation of the Text, by John Pawley Bate, with Index of Authors Cited.
546 ## - LANGUAGE NOTE
Language note Text in English
650 14 - SUBJECT ADDED ENTRY--TOPICAL TERM
General subdivision Public international law
Topical term or geographic name entry element Law of Nature
651 1# - SUBJECT ADDED ENTRY--GEOGRAPHIC NAME
Source of heading or term qrmak
700 1# - ADDED ENTRY--PERSONAL NAME
Personal name Bar, Ludwig von
Relator term editor.
Dates associated with a name 1836-1913,
700 1# - ADDED ENTRY--PERSONAL NAME
Personal name Bate, John Pawley
Relator term Translator.
Dates associated with a name 1857-1921,
856 40 - ELECTRONIC LOCATION AND ACCESS
Uniform Resource Identifier <a href="https://fll.law.cu.edu.eg/fulltext/bks/B11-05267.pdf">https://fll.law.cu.edu.eg/fulltext/bks/B11-05267.pdf</a>
905 ## - Cataloger and Reviser Names
Cataloger Name: Rawan khaled
Revisor Name: Hassnaa
942 ## - ADDED ENTRY ELEMENTS (KOHA)
Source of classification or shelving scheme Dewey Decimal Classification
Suppress in OPAC No
Koha item type Books
Edition 21
Holdings
Withdrawn status Lost status Source of classification or shelving scheme Damaged status Not for loan Collection Home library Current library Date acquired Total checkouts Full call number Barcode Date last seen Copy number Price effective from Koha item type
    Dewey Decimal Classification   Not for loan القانون الدولي العام جــــامعة القــاهرة مكتبة كلية الحقوق - المبنى الرئيسي 03.12.2025   Law1 11 341.762 RA . D 1916 1105267 V2, C1 B11-05267 03.12.2025 1 03.12.2025 Books

© All rights reserved — Faculty of Law, Cairo University